| 000 | 00763nam a2200265Ia 4500 | ||
|---|---|---|---|
| 003 | OSt | ||
| 005 | 20220918202230.0 | ||
| 006 | a|||||r|||| 00| 0 | ||
| 007 | ta | ||
| 008 | 220917b |||||||| |||| 00| 0 eng d | ||
| 024 | _a99,692 | ||
| 037 | _cTextual | ||
| 040 |
_aARTS _cARTS _beng |
||
| 041 |
_2eng _aeng |
||
| 082 | _aV2:71.J<--C, N4 | ||
| 100 |
_aSingh G P _9102858 |
||
| 245 | 0 | _aEarly Indian historical tradition and archaeology | |
| 260 |
_aNew Delhi _bD K Print World India _c1994 |
||
| 300 |
_a245p. _ccm. |
||
| 490 | _aReconstructing Indian history and culture; 3 | ||
| 500 | _aGlossary p227--230; Appendix p215--226 | ||
| 650 | _aHISTORY | ||
| 942 |
_hV2:71.J<--C, N4 _cTEXL _2CC |
||
| 999 |
_c223265 _d223265 |
||